00756nam a2200193 a 450000100100000000500170001000800410002704000250006808200150009310000240010824501190013226000360025130000270028770000290031470000330034371000560037695201130043299900170054500004551920210420113210.0150413s2011 dr a 000 0 spa d aDO-SdBNPbspacBNPHU axxxxbxxxx1 aDisla, Paula95751110aDescubre el tesoro /cPaula Disla, Alba Rodríguez ; revisión Vianco Martínez ; ilustraciones Marolyn Medina. aSanto Domingo :bUNICEF,c2011. a30 p. :bil. ;c23 cm.12aRodríguez, Alba97357512aMedina, Marolyn,eil.973576 2aFondo de las Naciones Unidas para la Infancia99270 0010718PDaPDbPDcHDd2015-04-13iLF1l0oxxxx xxxxp45519-10r2020-06-25w2020-06-25yLFPDZNo se presta c45008d45008